Hyderabad and Hyderabadis / (Record no. 96272)
[ view plain ]
| 000 -LEADER | |
|---|---|
| fixed length control field | 01079nam a22002657a 4500 |
| 005 - DATE AND TIME OF LATEST TRANSACTION | |
| control field | 20170825110833.0 |
| 010 ## - LCCN (DPL NO) | |
| LC control number | 1516EN07 ENG-114926 |
| 020 ## - INTERNATIONAL STANDARD BOOK NUMBER | |
| Terms of availability | 1250.00 |
| International Standard Book Number | 9789350980293 |
| 035 ## - SYSTEM CONTROL NUMBER | |
| System control number | EN-98458 |
| 035 ## - SYSTEM CONTROL NUMBER | |
| System control number | B-606332-342 |
| 035 ## - SYSTEM CONTROL NUMBER | |
| System control number | B-667747 |
| 037 ## - SOURCE OF ACQUISITION | |
| Source of stock number/acquisition | KKP/ven |
| Stock number | DPL |
| 037 ## - SOURCE OF ACQUISITION | |
| Source of stock number/acquisition | DBAD/PUB |
| 082 ## - DEWEY DECIMAL CLASSIFICATION NUMBER | |
| Classification number | 954.84 |
| 100 ## - MAIN ENTRY--PERSONAL NAME | |
| Personal name | Leonard, Karen |
| 245 ## - TITLE STATEMENT | |
| Title | Hyderabad and Hyderabadis / |
| Statement of responsibility, etc | by Karen Leonard |
| 260 ## - PUBLICATION, DISTRIBUTION, ETC. (IMPRINT) | |
| Name of publisher, distributor, etc | Manohar Publishers & Distributors |
| Date of publication, distribution, etc | 2014 |
| Place of publication, distribution, etc | New Delhi |
| 270 ## - ADDRESS | |
| Address | 4753/23, Ansari Road, Daryaganj |
| City | New Delhi |
| Postal code | 110002 |
| 300 ## - PHYSICAL DESCRIPTION | |
| Extent | 442p. : |
| Dimensions | 23cm(Hb) |
| Other physical details | ill.,maps |
| 500 ## - GENERAL NOTE | |
| General note | Includes bibliographical references and index. |
| 650 ## - SUBJECT ADDED ENTRY--TOPICAL TERM | |
| Topical term or geographic name as entry element | Caste |
| Geographic subdivision | India |
| -- | Hyderabad (State) |
| 942 ## - ADDED ENTRY ELEMENTS (KOHA) | |
| Source of classification or shelving scheme | Dewey Decimal Classification |
| Item type | English Books |
| Call number suffix | LEO |
| Classification part | 954.84 |
| Withdrawn status | Lost status | Not for loan | Collection code | Home library | Current library | Source of acquisition | Cost, normal purchase price | Full call number | Barcode | Copy number | Cost, replacement price | Koha item type | Date acquired |
|---|---|---|---|---|---|---|---|---|---|---|---|---|---|
| Non-fiction | Ashok Vihar | Ashok Vihar | KKP/279/24.2.2017/394/15.2.2017/17.3.2017 | 1250.00 | 954.84 LEO | B-667747 | 1 | 1250.00 | English Books | 25/08/2017 | |||
| Non-fiction | Bawana | Bawana | BL67/1.10.2015/122/16.9.2015/15.10.2015 | 1250.00 | 954.84 LEO | B-606342 | 1 | 1250.00 | English Books | 23/05/2016 | |||
| Non-fiction | Central Jail Tihar | Central Jail Tihar | DBAD/PUB | 1250.00 | 954.84 LEO | EN-98458 | 1 | 1250.00 | English Books | ||||
| Non-fiction | Central Library | Central Library | BL67/1.10.2015/122/16.9.2015/15.10.2015 | 1250.00 | 954.84 LEO | B-606332 | 1 | 1250.00 | English Books | 23/05/2016 | |||
| Not For Loan | Reference | Central Library | Central Library | BL67/1.10.2015/122/16.9.2015/15.10.2015 | 1250.00 | 954.84 LEO | B-606333 | 1 | 1250.00 | English Books | 23/05/2016 | ||
| Non-fiction | Janak Puri | Janak Puri | BL67/1.10.2015/122/16.9.2015/15.10.2015 | 1250.00 | 954.84 LEO | B-606338 | 1 | 1250.00 | English Books | 23/05/2016 | |||
| Non-fiction | Karol Bagh | Karol Bagh | BL67/1.10.2015/122/16.9.2015/15.10.2015 | 1250.00 | 954.84 LEO | B-606340 | 1 | 1250.00 | English Books | 23/05/2016 | |||
| Non-fiction | Kasturba Gandhi Marg | Kasturba Gandhi Marg | BL67/1.10.2015/122/16.9.2015/15.10.2015 | 1250.00 | 954.84 LEO | B-606335 | 1 | 1250.00 | English Books | 23/05/2016 | |||
| Non-fiction | Narela | Narela | BL67/1.10.2015/122/16.9.2015/15.10.2015 | 1250.00 | 954.84 LEO | B-606341 | 1 | 1250.00 | English Books | 23/05/2016 | |||
| Non-fiction | Patel Nagar | Patel Nagar | BL67/1.10.2015/122/16.9.2015/15.10.2015 | 1250.00 | 954.84 LEO | B-606334 | 1 | 1250.00 | English Books | 23/05/2016 | |||
| Non-fiction | Peshwa Road | Peshwa Road | BL67/1.10.2015/122/16.9.2015/15.10.2015 | 1250.00 | 954.84 LEO | B-606336 | 1 | 1250.00 | English Books | 23/05/2016 | |||
| Non-fiction | Sarojini Nagar | Sarojini Nagar | BL67/1.10.2015/122/16.9.2015/15.10.2015 | 1250.00 | 954.84 LEO | B-606339 | 1 | 1250.00 | English Books | 23/05/2016 | |||
| Non-fiction | Tri Nagar | Tri Nagar | BL67/1.10.2015/122/16.9.2015/15.10.2015 | 1250.00 | 954.84 LEO | B-606337 | 1 | 1250.00 | English Books | 23/05/2016 |
